| 000 | 00828nam a22002297a 4500 | ||
|---|---|---|---|
| 005 | 2008061302492.0 | ||
| 008 | 080613t xxu||||| |||| 00| 0 eng d | ||
| 010 | _aENG-90288 | ||
| 020 |
_a8120335233 _c450.00 |
||
| 035 | _aEN-73821 | ||
| 037 | _bDBAD / PUB | ||
| 040 |
_aDPL _bEN |
||
| 082 | _a620.106 | ||
| 100 | _aDas, Madan Mohan | ||
| 245 |
_aFluid mechanics and turbomachines / _cby Madan Mohan Das |
||
| 260 |
_aNew Delhi _bPrentice-Hall of India _c2008 |
||
| 270 |
_aM-97, Connaught Circus, _bNew Delhi _e110001 |
||
| 300 |
_axvii, 538p. _c23 cm (pbk) |
||
| 500 | _aIncludes index | ||
| 942 |
_cEN _h620.106 _2ddc _mDAS |
||
| 999 |
_c13653 _d13653 |
||